Der Zug der Israeliten aus Aegypten nach Canaan : Ein Versuch von ... Beilage zu des Verfassers "Palästina". Mit einer Karte

Main Author: Raumer, Karl von, 1783-1865
Language: German
Published: Leipzig : F.A. Brockhaus, 1837
Physical Description: VI, [1], 56 s. ; 8°
Book
Saved in:
LEADER 00734nam a22002297a 4500
001 mzk03001205326
003 CZ BrMZK
005 20141002151213.0
007 ta
008 121223s1837 gw fr|||||00| ||gerod
040 |a BOA001  |b cze  |c BOA001 
072 7 |a 094.5  |x Tisky (19. století)  |2 Konspekt  |9 12 
100 1 |a Raumer, Karl von,  |d 1783-1865  |4 aut 
245 1 4 |a Der Zug der Israeliten aus Aegypten nach Canaan :  |b Ein Versuch von ... Beilage zu des Verfassers "Palästina". Mit einer Karte 
260 |a Leipzig :  |b F.A. Brockhaus,  |c 1837 
300 |a VI, [1], 56 s. ;  |c 8° 
910 |a BOE452  |b Mn 
978 |b Brockhaus, Friedrich Arnold  |a Leipzig  |c 1837 
984 |a Lipsko  |b Německo 
985 |a 1801-1850 
990 |a RP 
991 |k minorite